Learning Resource and Development

Children and dramatics. (Record no. 21379)

MARC details
000 -LEADER
fixed length control field 01013cam a22003131 4500
001 - CONTROL NUMBER
control field childrendramatic00cros
003 - CONTROL NUMBER IDENTIFIER
control field CaSfIA
005 - DATE AND TIME OF LATEST TRANSACTION
control field 20230525155030.0
007 - PHYSICAL DESCRIPTION FIXED FIELD--GENERAL INFORMATION
fixed length control field cr||||
008 - FIXED-LENGTH DATA ELEMENTS--GENERAL INFORMATION
fixed length control field 711020s1966 nyu b 000 0 eng
010 ## - LIBRARY OF CONGRESS CONTROL NUMBER
LC control number 66024491
040 ## - CATALOGING SOURCE
Original cataloging agency DLC
Transcribing agency DLC
Modifying agency U3Q
-- CaSfIA
019 ## -
-- 367432038
035 ## - SYSTEM CONTROL NUMBER
System control number (OCoLC)331984
Canceled/invalid control number (OCoLC)367432038
050 00 - LIBRARY OF CONGRESS CALL NUMBER
Classification number PN3171
Item number .C7
082 #4 - DEWEY DECIMAL CLASSIFICATION NUMBER
Classification number 372.66
029 1# - OTHER SYSTEM CONTROL NUMBER (OCLC)
OCLC library identifier NLGGC
System control number 781654319
029 1# - OTHER SYSTEM CONTROL NUMBER (OCLC)
OCLC library identifier NZ1
System control number 3703271
029 1# - OTHER SYSTEM CONTROL NUMBER (OCLC)
OCLC library identifier AU@
System control number 000000713622
100 1# - MAIN ENTRY--PERSONAL NAME
Personal name Crosscup, Richard.
245 10 - TITLE STATEMENT
Title Children and dramatics.
Medium [electronic resource]
260 ## - PUBLICATION, DISTRIBUTION, ETC.
Place of publication, distribution, etc. New York,
Name of publisher, distributor, etc. Scribner
Date of publication, distribution, etc. [1966]
300 ## - PHYSICAL DESCRIPTION
Extent xii, 271 p.
Dimensions 24 cm.
504 ## - BIBLIOGRAPHY, ETC. NOTE
Bibliography, etc. note Bibliography: p. [268]
650 #0 - SUBJECT ADDED ENTRY--TOPICAL TERM
Topical term or geographic name entry element Drama in education.
650 #6 - SUBJECT ADDED ENTRY--TOPICAL TERM
Topical term or geographic name entry element Théâtre en éducation.
856 41 - ELECTRONIC LOCATION AND ACCESS
Uniform Resource Identifier <a href="http://www.archive.org/details/childrendramatic00cros">http://www.archive.org/details/childrendramatic00cros</a>
Public note Free eBook from the Internet Archive
856 42 - ELECTRONIC LOCATION AND ACCESS
Uniform Resource Identifier <a href="http://www.openlibrary.org/books/OL5993158M">http://www.openlibrary.org/books/OL5993158M</a>
Public note Additional information and access via Open Library
Holdings
Withdrawn status Lost status Damaged status Not for loan Collection Home library Current library Date acquired Total Checkouts Full call number Date last seen Price effective from Koha item type
        Project Gutenberg Main Library Main Library 05/25/2023   PN3171 .C7 05/25/2023 05/25/2023 EBooks